Mohamed Salah- 2024/25 season- Liverpool Premier League Champions - Statistics

General Stats
  • This quiz has been taken 37 times
  • The average score is 16 of 47
Answer Stats
Hint Answer % Correct
How many Playmaker Awards? 2
100%
How many Golden Boot's has Salah now won? 4
100%
Premier League Playmaker Award Winner 2024/25Number of Assists Provided? 18
97%
Premier League Golden Boot Winner 2024/25Number of Goals Scored? 29
97%
What year's did he win the other Golden Boot's? (format- 2012/13)1st- 2017/18
90%
What year did he win the other Playmaker award? 2021/22
87%
He was voted Premier League Player of the Season. True of False? True
87%
2nd- (Joint) 2018/19
80%
3rd- (Joint) 2021/22
80%
Which other player has 4 Golden Boot's Thierry Henry
80%
Which players did he join with the record for the most goal involvements in a single season?1st Alan Shearer
67%
Mohamed Salah netted on the opening day which broke the record for most goals scored on the opening day of the Premier League, against who? Ipswich Town
47%
Who did he score his goals against in the Premier League ?1st- Ipswich
43%
2nd Andy Cole
40%
Salah entered the top 50 Goalscorers in English top flight history with a goal on boxing day against who? Leicester
33%
2nd- Brentford
30%
He became the first player in Premier League history to score and assist in 37 different matches overtaking who's tally of 36? Wayne Rooney
30%
Which association made him their player of the season Football Writers'
27%
He broke the record for the earliest a Liverpool player has reached 5 goals and 5 assists in the Premier League with a penalty against who? Chelsea
23%
3rd- Man United
23%
5th- Chelsea
20%
29th- Crystal Palace
20%
Salah scored his 100th away goal for Liverpool against who? Southampton
17%
28th- Tottenham
17%
8th- Aston Villa
13%
7th- Brighton
13%
16th- Leicester
13%
11th- Man City
13%
10th- Southampton
13%
14th- Tottenham
13%
15th- Tottenham
13%
4th- Wolves
13%
6th- Arsenal
10%
20th- Bournemouth
10%
19th- Ipswich
10%
18th- Man United
10%
12th- Newcastle
10%
13th- Newcastle
10%
9th- Southampton
10%
27th- Southampton
10%
17th- West Ham
10%
24th- Aston Villa
7%
21st- Bournemouth
7%
22nd- Everton
7%
25th- Man City
7%
26th- Southampton
7%
23rd- Wolves
7%
No matching quizzes found
Score Distribution
Percent of People with Each Score
Percentile by Number Answered
Your Score History
You have not taken this quiz